Sports Quiz

Random Sports or NFL Quiz

Random NFL 2011/2012 Stats Quiz Stats

 Plays Quiz not verified by Sporcle

Challenge
Share
Tweet
Embed
Score 0/12 Timer 05:00
0 Plays Today
% Correct
Calvin Johnson
91.7%
Cam Newton
89.1%
Cam Newton
89.1%
Drew Brees
88.5%
Maurice Jones-Drew
83.3%
Jared Allen
81.4%
Andy Dalton
78.8%
Wes Welker
78.2%
A.J Green
75.6%
DeMarco Murray
44.9%
London Fletcher
40.4%
Kyle Arrington
35.3%

You're not logged in!

Compare scores with friends on all Sporcle quizzes.
Join for Free
OR
Log In

You Might Also Like...

Show Comments

Extras

Created Feb 10, 2012ReportNominate
Tags:NFL Quiz, State Quiz, 2011, 2012

Top Quizzes Today


Score Distribution

Your Account Isn't Verified!

In order to create a playlist on Sporcle, you need to verify the email address you used during registration. Go to your Sporcle Settings to finish the process.

Report this User

Report this user for behavior that violates our Community Guidelines.

Details: